Normal view
MARC view
- Supervised by Maj Hafeez
Entry Personal Name
001 - CONTROL NUMBER
- control field: 131757
003 - CONTROL NUMBER IDENTIFIER
- control field: NUST
005 - DATE AND TIME OF LATEST TRANSACTION
- control field: 20251110143951.0
008 - FIXED-LENGTH DATA ELEMENTS
- fixed length control field: 251110|| aca||aabn | a|a d
040 ## - CATALOGING SOURCE
- Original cataloging agency: NUST
- Transcribing agency: NUST
100 ## - HEADING--PERSONAL NAME
- Personal name: Supervised by Maj Hafeez
670 ## - SOURCE DATA FOUND
- Source citation: Work cat.: (NUST)182635: Khawar, NC Ali M. Mir (TCC-05) 131756, Microcontroller based home remote control /, 1997
